000
00343nam a2200145Ia 4500
008
150201s2003 xx 000 0 und d
082
_a
615.695
_b
B2003V
100
_a
VINAY KUMAR
245
_a
ROBBINS BASIC PATHOLOGY
250
_a
7TH
260
_b
SAUNDERS
_a
PHILADELPHIA
_c
2003
300
_a
1-873
650
_a
PATHOLOGY
942
_2
ddc
_c
BK
999
_c
2838
_d
2838